La lucha por la salud en Cuba /

En esta obra se compilan artículos, informes y ponencias de profesionales de la salud cubanos, donde se explica el desarrollo de los servicios médicos, la enseñanza de la medicina, las políticas de salud y el estado de salud en Cuba.

I tiakina i:
Ngā taipitopito rārangi puna kōrero
Kaituhi matua: Araújo Bernal, Leopoldo (coord.)
Ētahi atu kaituhi: Lloréns Figueroa, José (coordinación) (coordinación)
Hōputu: Pukapuka
Reo:Pāniora
I whakaputaina: México : Siglo XXI, 1985, c1985
Rangatū:(Salud y Sociedad)
Ngā marau:
Ngā Tūtohu: Tāpirihia he Tūtohu
Kāore He Tūtohu, Me noho koe te mea tuatahi ki te tūtohu i tēnei pūkete!

MARC

LEADER 00000nam^a2200000^a^4500
001 000350344
005 20250707000000.0
009 20260310114939.519
020 |a 968-23-1297-3 
037 |a Acervo ITESO - Biblioteca 
041 |a ESP 
082 |a 610. 97291  |b ARA 
100 |a Araújo Bernal, Leopoldo  |e (coord.) 
245 1 3 |a La lucha por la salud en Cuba /  |c Coord. de Leopoldo Araújo Bernal, José Lloréns Figueroa 
264 4 |a México :  |b Siglo XXI,  |c 1985, c1985 
300 |a 382 p. 
336 |a texto  |b txt  |2 rdacontenido 
337 |a sin mediación  |b n  |2 rdamedio 
338 |a volumen  |b nc  |2 rdasoporte 
440 1 |a (Salud y Sociedad) 
520 |a En esta obra se compilan artículos, informes y ponencias de profesionales de la salud cubanos, donde se explica el desarrollo de los servicios médicos, la enseñanza de la medicina, las políticas de salud y el estado de salud en Cuba. 
649 |a XX 
650 |a Profesionales de la Salud -  |z Cuba 
650 |a Servicios Médicos y de Salud -  |z Cuba 
650 |a Epidemiología -  |z Cuba 
650 |a Higiene -  |z Cuba 
650 |a Promoción de la Salud -  |z Cuba 
650 |a Política y Salud Pública -  |z Cuba 
650 |a Salud Pública -  |z Cuba -  |x Investigación 
650 |a Salud Pública -  |z Cuba 
650 |a Educación y Salud -  |z Cuba 
650 |a Salud -  |z Cuba -  |x Tema Principal 
650 |a Industria Farmacéutica -  |z Cuba 
650 |a Medicina -  |z Cuba -  |x Estudio y Enseñanza 
650 |a Ciencias Médicas 
700 |a Lloréns Figueroa, José  |e (coordinación) 
910 |a Fondo General 
920 |a Impresos - Libros 
930 |a Colección General 
905 |a 101 
901 |a 0500240671  |b IT1  |c ACC  |d DT  |i D66743  |u 20250707 
901 |a 0500240668  |b IT1  |c ACC  |d DT  |i D66742  |u 20250707 
902 |a https://opac.biblio.iteso.mx/vufind/Record/000350344